| 000 | 00953nam a22002897a 4500 | ||
|---|---|---|---|
| 001 | 7247 | ||
| 003 | DO-SdBNP | ||
| 005 | 20180119123841.0 | ||
| 007 | 7247 | ||
| 008 | 900426s1990 sp spa | ||
| 016 | 7 | _2BPMSU | |
| 020 | _a8434586312 | ||
| 040 |
_aBPMSU _bspa _cBPMSU |
||
| 100 | 1 |
_aKästner, Erich _d1899-1974 |
|
| 240 |
_ader 35 mai order Konrad reited in die sudsse. _lespañol |
||
| 245 | 1 | 3 |
_aEl 35 de mayo o Konrad cabalga por el océano Pacífico / _cErich Kästner |
| 246 | 1 | 3 | _aEl treinta y cinco de mayo o Konrad cabalga por el Océano Pacífico |
| 260 |
_aBarcelona : _bAlfaguara, _c1990 _g(10a. reimpresión) |
||
| 300 |
_a118 p. ; _bil. : _c22 cm. |
||
| 490 | 1 |
_aAlfagura juvenil _v24 |
|
| 740 | 3 | 0 | _aEl 35 de mayo |
| 740 | 0 | _aKonrad cabalga por el océano Pacífico | |
| 830 | 0 |
_a Alfagura juvenil _v24 |
|
| 942 |
_2ddc _cBK |
||
| 945 | _aInventariado, 2018/MFF | ||
| 956 |
_aVMATEO _210 _320151119 _6BPMSU _800151 |
||
| 999 |
_c10196 _d10196 |
||